000 00394nam a2200145 i 4500
001 97726
003 ES-MaACL
007 t|
008 050715s1929 fr ||||1| spa d
100 1 _aMaribona, Armando.
_976697
245 1 0 _aAlgunas obras pictóricas /
_cde Armando Maribona.
260 _aParis :
_bLe livre libre,
_c1929.
300 _a12 p., lám. ;
_c22 cm.
852 _aES-MaACL
_jB-5201
999 _c97726
_d97726